Online
Catalog

Soñar y luchar / (Record no. 11413)

MARC details
000 -CABECERA
campo de control de longitud fija 01302nam a2200301 a 4500
001 - NÚMERO DE CONTROL
campo de control 000011738
003 - IDENTIFICADOR DEL NÚMERO DE CONTROL
campo de control DO-SdBNP
005 - FECHA Y HORA DE LA ÚLTIMA TRANSACCIÓN
campo de control 20211129082617.0
008 - DATOS DE LONGITUD FIJA--INFORMACIÓN GENERAL
campo de control de longitud fija 091027s1993 dr a 001 0 spa d
040 ## - FUENTE DE LA CATALOGACIÓN
Centro catalogador/agencia de origen DO-SdBNP
Lengua de catalogación spa
Centro/agencia transcriptor BNPHU
082 #4 - NÚMERO DE LA CLASIFICACIÓN DECIMAL DEWEY
Número de clasificación RD868.44
Número de documento/Ítem A473s, 1993
Número de edición 22
100 1# - ENTRADA PRINCIPAL--NOMBRE DE PERSONA
Nombre de persona Alvárez, Cipriano
9 (RLIN) 27785
245 10 - MENCIÓN DE TÍTULO
Título Soñar y luchar /
Mención de responsabilidad, etc. Cipriano Alvárez.
250 ## - MENCIÓN DE EDICIÓN
Mención de edición 3a ed.
260 ## - PUBLICACIÓN, DISTRIBUCIÓN, ETC.
Lugar de publicación, distribución, etc. Santo Domingo :
Nombre del editor, distribuidor, etc. Tradición,
Fecha de publicación, distribución, etc. 1993.
300 ## - DESCRIPCIÓN FÍSICA
Extensión 358 p. :
Otras características físicas il. ;
Dimensiones 21 cm.
505 0# - NOTA DE CONTENIDO CON FORMATO
Nota de contenido con formato Capitaleño /Cipriano Álvarez -- Trayectoria -- Boyoyo : huellas de un libro campesino /Cipriano Álvarez
563 ## - NOTA DE ENCUADERNACIÓN
Nota de encuadernación Tres obras encuadernadas juntas con paginación continua.
600 14 - PUNTO DE ACCESO ADICIONAL DE MATERIA--NOMBRE DE PERSONA
Nombre de persona Álvarez, Cipriano,
9 (RLIN) 27786
Subdivisión de forma Anécdotas, chistes, sátira, etc.
600 14 - PUNTO DE ACCESO ADICIONAL DE MATERIA--NOMBRE DE PERSONA
Nombre de persona Álvarez, Arturo Napoleón
Fechas asociadas al nombre 1903-1976
9 (RLIN) 27787
Subdivisión de forma Correspondencias, memorias, etc.
651 #4 - PUNTO DE ACCESO ADICIONAL DE MATERIA--NOMBRE GEOGRÁFICO
Nombre geográfico República Dominicana
Subdivisión general Condiciones sociales
9 (RLIN) 46
651 #4 - PUNTO DE ACCESO ADICIONAL DE MATERIA--NOMBRE GEOGRÁFICO
Nombre geográfico Santo Domingo (República Dominicana)
Subdivisión general Emigración e inmigración
9 (RLIN) 27788
651 #4 - PUNTO DE ACCESO ADICIONAL DE MATERIA--NOMBRE GEOGRÁFICO
Nombre geográfico República Dominicana
Subdivisión general Política y gobierno
Subdivisión cronológica 1930-1961
9 (RLIN) 479
730 02 - PUNTO DE ACCESO ADICIONAL--TÍTULO UNIFORME
Título uniforme Álvarez, Cipriano,
Título de la obra Capitaleño
9 (RLIN) 27789
730 02 - PUNTO DE ACCESO ADICIONAL--TÍTULO UNIFORME
Título uniforme Napoleón Álvarez, Arturo,
Título de la obra Trayectoria
9 (RLIN) 27790
730 02 - PUNTO DE ACCESO ADICIONAL--TÍTULO UNIFORME
Título uniforme Álvarez, Cipriano,
Título de la obra Boyoyo : huellas de un lider campesino
9 (RLIN) 27791
942 ## - ELEMENTOS DE PUNTO DE ACCESO ADICIONAL (KOHA)
Fuente del sistema de clasificación o colocación Dewey Decimal Classification
Tipo de ítem Koha Libro
Holdings
Estado de retiro Estado de pérdida No para préstamo Código de colección Localización permanente Ubicación/localización actual Ubicación en estantería Fecha de adquisición Número de inventario Total de préstamos Signatura topográfica completa Código de barras Fecha visto por última vez Número de copia Precio válido a partir de Tipo de ítem Koha
    Excluido de préstamo Patrimonio Dominicano Patrimonio Dominicano Patrimonio Dominicano En catalogación 27.10.2009 LF1   RD868.44 A473s, 1993 11738-10 25.06.2020 e. 2 25.06.2020 Libro y Folleto Colección Patrimonio Dominicano
    Excluido de préstamo Patrimonio Dominicano Patrimonio Dominicano Patrimonio Dominicano En catalogación 27.10.2009 LF1   RD868.44 A473s, 1993 11738-20 25.06.2020   25.06.2020 Libro y Folleto Colección Patrimonio Dominicano

Powered by Koha